Determinants of inflation in Mozambique

Gespeichert in:
Bibliographische Detailangaben
1. Verfasser: Ubide, Angel
Format: Buch
Sprache:Englisch
Veröffentlicht: Washington International Monetary Fund 1997
Schriftenreihe:IMF working paper WP/97/145
Schlagworte:
Tags: Tag hinzufügen
Keine Tags, Fügen Sie das erste Tag hinzu!

MARC

LEADER 00000nam a2200000 4500
001 c100139
005 20221124074525.1
041 0 |a eng 
044 |a US 
245 1 0 |a Determinants of inflation in Mozambique  |c Prepared by Angel Ubide 
264 1 |a Washington  |b International Monetary Fund  |c 1997 
300 |a 36 s. 
490 1 |a IMF working paper  |v WP/97/145 
830 0 |a IMF working paper  |v WP/97/145 
610 2 0 |a inflácia 
610 2 0 |a miera inflácie 
610 2 0 |a modely 
610 2 0 |a analýzy 
610 2 0 |a poľnohospodárstvo 
610 2 0 |a Mozambik 
610 2 0 |a 1990-1996 
100 1 |a Ubide, Angel